Inclusive Growth in Seoul, Korea
Guardado en:
| Formato: | Libro |
|---|---|
| Lenguaje: | inglés |
| Publicado: |
Paris
OECD
2018
|
| Materias: | |
| Etiquetas: |
Sin Etiquetas, Sea el primero en etiquetar este registro!
|
MARC
| LEADER | 00000nam a2200000 4500 | ||
|---|---|---|---|
| 001 | 0243002 | ||
| 005 | 20221220065608.3 | ||
| 020 | |a 978-92-64-29018-1 | ||
| 041 | 0 | |a eng | |
| 044 | |a FR | ||
| 245 | 1 | 0 | |a Inclusive Growth in Seoul, Korea |
| 264 | 1 | |a Paris |b OECD |c 2018 | |
| 300 | |a 112 s. | ||
| 610 | 2 | 0 | |a situácia hospodárska |
| 610 | 2 | 0 | |a rast hospodársky |
| 610 | 2 | 0 | |a rozvoj hospodársky |
| 610 | 2 | 0 | |a služby verejné |
| 610 | 2 | 0 | |a zmeny klimatické |
| 610 | 2 | 0 | |a mestá |
| 610 | 2 | 0 | |a podnikanie malé |
| 610 | 2 | 0 | |a podnikanie stredné |
| 610 | 2 | 0 | |a Kórea |